00499cam a22001337a 4500008004000000020001800040082001700058100002000075245012200095260002400217300001000241650003700251650007700288180718b2014 xxu||||| |||| 00| 0 eng d a9788178359847 aA99 Am16/K96 aKumar, P.Kesava aPolitical philosophy Ambedkar : an inquiry into the theoretical foundations of the dalit movementcby P. KESAVA Kumar aDelhibKalpazc2014 a181p. aIndia -- Politics and government aAmbedkar, B. R. (Bhimrao Ramji), 1891-1956 -- Political and social views